| 000 | 00688nam a2200193 i 4500 | ||
|---|---|---|---|
| 001 | 35327 | ||
| 003 | ES-MaACL | ||
| 005 | 20230911063133.0 | ||
| 007 | t| | ||
| 008 | 030212s1965 sp ||||1| spa d | ||
| 100 | 1 |
_aBosch Millares, Juan, _d1893-1983 _930662 |
|
| 245 | 1 | 0 |
_aDon Tomás Mena Mesa y el hospital de Ampuyenta en la isla de Fuerteventura / _cJuan Bosch Millares. |
| 260 |
_aLas Palmas de Gran Canaria : _bEl Museo Canario, _c1965. |
||
| 300 |
_a10 h., 2 lám. ; _c25 cm. |
||
| 500 | _aEs separata de: "El Museo Canario", año XXVI, núms. 93-96, 1965. | ||
| 710 | 2 |
_aEl Museo Canario. _93455 |
|
| 852 |
_aES-MaACL _j2057-F-2 _bR.61948 |
||
| 999 |
_c35327 _d35327 |
||